000 00698nam a2200265Ia 4500
005 20260302115905.0
008 008 260114s9999 xx 000 0 eng d
020 _a9781978721326
037 _aTextbook
040 _aCRL
040 _beng
040 _cCRL
041 _2eng
041 _aeng
084 _qCRL
100 _aAhmad Natour
_91122980
245 0 _aPromoting Women’s Rights in Islamic Law in a Non-Muslim State – Israel
260 _bBloomsbury
260 _bLexington Books
260 _c2021
650 _aLaw
856 _uhttps://doi.org/10.5040/9781978721326?locatt=label:secondary_bloomsburyCollections
942 _cEBOOK
999 _c1687818
_d1687818